Statistics for Countries Closest to Czechia - One Minute Sprint

Click here to take the quiz!

General Stats

  • This quiz has been taken 642 times
  • The average score is 15 of 20

Answer Stats

kmCountrymiles% Correct
0Germany0
99%
0Austria0
97%
0Poland0
97%
0Slovakia0
97%
70Hungary43
88%
200Slovenia125
85%
218Italy135
83%
314Switzerland195
81%
234Croatia145
80%
313France194
80%
263Ukraine164
77%
421Denmark261
67%
330Serbia205
67%
334Liechtenstein204
66%
404Belgium251
65%
429Netherlands266
62%
321Romania199
62%
395Belarus245
61%
371Bosnia and
Herzegovina
231
57%
401Luxembourg249
54%

Score Distribution

Percentile by Number Answered

Percent of People with Each Score

Your Score History

You have not taken this quiz